Nghiên cứu xác định thành phần, cấu tạo một số hợp chất hóa học trong lá của cây keo gai (Acacia greggii)

Quy trình chiết tách thích hợp. Xác định thành phần, cấu tạo một số hợp chất trong lá của cây keo gai..

Đã lưu trong:
書目詳細資料
主要作者: Đào Thị Vân Trang
其他作者: Đào Hùng Cường GS.TS (Hướng dẫn)
格式: 圖書
語言:Vietnamese
出版: Đà Nẵng Đại học Đà Nẵng 2014
主題:
標簽: 添加標簽
沒有標簽, 成為第一個標記此記錄!
Thư viện lưu trữ: Mạng thư viện Đại học Đà Nẵng
LEADER 01631nam a2200349 4500
001 000020011
003 16452
005 20150310100346.0
008 141219s2014 viesd
041 |a vie 
082 1 4 |a 615.323748  |b ĐA-T 
100 1 |a Đào Thị Vân Trang 
245 1 |a Nghiên cứu xác định thành phần, cấu tạo một số hợp chất hóa học trong lá của cây keo gai (Acacia greggii)  |c Đào Thị Vân Trang ; Đào Hùng Cường hướng dẫn.  |k Luận văn Thạc sĩ 
260 |a Đà Nẵng  |b Đại học Đà Nẵng  |c 2014 
300 |a 93 tr., phụ lục 23 tr.  |b hình mh.  |c 29 cm.  |e Tóm tắt 
500 |a Luận văn thạc sĩ Khoa học. Chuyên ngành: Hóa hữu cơ. Mã số: 60.44.27. 
520 |a Quy trình chiết tách thích hợp. Xác định thành phần, cấu tạo một số hợp chất trong lá của cây keo gai.. 
650 0 4 |a Cây keo gai  |v Luận văn tốt nghiệp  |x Hợp chất hóa học  |x Nghiên cứu 
653 |a Hóa hữu cơ 
653 |a Cây gai leo 
653 |a Hợp chất hóa học 
700 1 |a Đào Hùng Cường  |c GS.TS  |e Hướng dẫn 
OWN |a LSP 
AVA |a UDN50  |b LSP  |d 615.323748 ĐA-T  |e available  |t Error 5001 Not defined in file expand_doc_bib_avail.  |f 1  |g 0  |h N  |i 0  |k 1 
999 |a From the UDN01 
AVA |a UDN50  |b LSP  |d 615.323748 ĐA-T  |e available  |t Error 5001 Not defined in file expand_doc_bib_avail.  |f 1  |g 0  |h N  |i 0  |k 1 
TYP |a Monograph 
TYP |a Printed language 
980 |a Mạng thư viện Đại học Đà Nẵng